Statistics for Countries That Start with M (with a map)

Click here to take the quiz!

General Stats

  • This quiz has been taken 1,622 times
    (1,576 since last reset)
  • The average score is 14 of 18

Answers on the Map

Answers color-coded by a green-red scale on the quiz's map according to % correct below.
 

Answer Stats

HintHintCountry% Correct
151.0182.0Mexico
86%
377202.2Mali
84%
614.2104.1Mongolia
83%
366.0153.5Morocco
83%
486.0324.3Madagascar
82%
610.3247.2Malaysia
79%
354195.5Mauritania
77%
510.1329.1Mauritius
76%
444.4102.0Moldova
76%
397.2114.5Monaco
75%
545.9248.9Maldives
74%
412.9141.1Malta
74%
423.7117.8Montenegro
73%
456.0307.0Malawi
72%
467309.5Mozambique
72%
597.0188.5Myanmar
71%
429.5121.7Macedonia
69%
760.6232.2Marshall Islands
58%

Score Distribution

Percentile by Number Answered

Percent of People with Each Score

Your Score History

You have not taken this quiz since the last reset